| Поле | Инд. | ПП | Название | Значение |
|---|---|---|---|---|
| Тип записи | a | |||
| Библиографический уровень | b | |||
| 001 | Контрольный номер | RU/IS/BASE/290105596 | ||
| 005 | Дата корректировки | 20200608185740.5 | ||
| 008 | Кодируемые данные | 20090311 | ||
| 040 | b | Код языка каталог. | rus | |
| e | Правила каталог. | PSBO | ||
| 041 | 0_ | a | Код языка текста | rus |
| 084 | a | Индекс другой классификации/Индекс ББК | 81.006; 81.053; 81.003 | |
| 100 | 1_ | a | Автор | Павлова Е. К. |
| 245 | 10 | a | Заглавие | Лексические аспекты дисгармонии политического дискурса |
| 504 | a | Библиография | Библиогр. ссылки | |
| 520 | 0_ | a | Аннотация | Корень проблемы дисгармонии глобального политического дискурса не только в конфликте интересов различных стран и политических сил. Проблема заключается также в дисгармонии и несовместимости концептов массового политического сознания различных наций, конфессий, носителей различных идеологий, говорится в статье. Автор концентрирует внимание на современной политической лексике, выделяя лексические причины дисгармонии политического дискурса. Анализируются примеры успешной политической языковой коммуникации в субглобальных масштабах, доказывающие возможность гармонизации политических картин мира; сформулированы основные положения этой концепции. Рассматриваются основные принципы и методы гармонизации политической лексики |
| 650 | 04 | a | Основная рубрика | лексикология |
| a | Основная рубрика | общее языкознание | ||
| a | Основная рубрика | социолингвистика | ||
| a | Основная рубрика | филологические науки | ||
| a | Основная рубрика | языкознание | ||
| 653 | 0_ | a | Ключевые слова | гармонизация политических картин мира |
| a | Ключевые слова | дисгармония дискурса | ||
| a | Ключевые слова | дискурс | ||
| a | Ключевые слова | дисфемизация речи | ||
| a | Ключевые слова | картина мира | ||
| a | Ключевые слова | лингвополитология | ||
| a | Ключевые слова | межкультурная политическая коммуникация | ||
| a | Ключевые слова | межъязыковая политическая коммуникация | ||
| a | Ключевые слова | политическая концептосфера | ||
| a | Ключевые слова | политическая лексика | ||
| a | Ключевые слова | политическая речь | ||
| a | Ключевые слова | политические картины мира | ||
| a | Ключевые слова | политический дискурс | ||
| a | Ключевые слова | политический язык | ||
| a | Ключевые слова | стереотипы | ||
| a | Ключевые слова | эвфемизация речи | ||
| 773 | 08 | t | Заглавие источника | Филологические науки |
| d | Дата издания источника | 2008 | ||
| g | Прочая информация | № 1. - С. 85 - 93 | ||
| w | Контрольный № источника | RU/IS/BASE/256826202 | ||
| 901 | t | Тип документа | b |